Statystyki dla Największe miasta w województwie zachodniopomorskim A-Z

Kliknij tutaj aby rozwiązać quiz!

Ogólne statystyki

  • Ten quiz został rozwiązany 5 439 razy
  • Średni wynik to 6 z 17

Statystyki odpowiedzi

#MiastoPopulacja% Poprawnych
SSzczecin396 168
98%
KKoszalin105 883
81%
ŚŚwinoujście40 204
74%
PPolice30 623
49%
BBiałogard23 142
40%
DDębno13 291
39%
GGoleniów22 166
39%
WWałcz24 167
37%
ŁŁobez9 792
34%
CChoszczno14 399
27%
MMyślibórz10 649
27%
NNowogard16 102
25%
IIńsko1 823
18%
TTrzebiatów9 591
17%
ZZłocieniec12 373
16%
RResko4 039
14%
LLipiany3 819
10%

Rozkład punktacji

Percentyl według liczby udzielonych odpowiedzi

Procent ludzi z każdym wynikiem

Twoja historia wyników

Nie rozwiązałeś tego quizu